000 00526nam a2200193Ia 4500
005 20250120054722.0
008 240331s9999 xx 000 0 und d
020 _a9559102088
082 _bTAM
_a920
100 _aTampoe, M
245 4 _aThe story of Selestina Dias :
_bBuddhist female philanthropy and education
260 _aColombo
_bSocial Scientists Association
_c1997
300 _a128 p .,
650 _aReligion
650 _aEducation
650 _aSocial
650 _aBuddhist Female philanthropy
942 _cL
999 _c3473
_d3473